000 00391nam a22001217a 4500
999 _c10201
_d10201
003 OSt
008 201218b ||||| |||| 00| 0 eng d
245 _aIEEMA Journal
250 _a2011(Feb Vol.2 No.6, Apr Vol.2 No.8, Jul Vol.2 No.11)
260 _aMumbai
_bIndian Electrical and Electronics Manufacturers Association
650 _aElectronics and Communication Engineering
942 _2ddc
_cBV